00920cam a2200253 450000100060000000300080000600500170001400800410003102000150007203500190008704000320010604100080013808200180014610000310016424501210019526000440031630000460036049000270040665000260043370000450045994200120050499900170051695201330053311981BD-RjUL20211208235221.0140127s1971 ohua b 001 0 eng  a0675067030 a(BD-RjUL)12030 aDLCcDLCdDLCdBD-RjULbeng aeng00a570bHEF 19711 aHeimler, Charles H.93714110aFocus on life science /cby Charles H. Heimler [and] J. David Lockard. Illustrated by John D. Firestone Associates. aColumbus, Ohio :bC. E. Merrill,c1971. axxv, 239 p. :billus. (part col.)c23 cm.0 aA Merrill science text 0aLife sciences.9371421 aLockard, J. David,ejoint author.937143 2ddccBK c11981d11981 00102ddc40708NFICaRUCLbRUCLcStackd1992-10-27eAsia foundationl0o570 HEF 1971r2014-01-27 00:00:00tC-3w2014-01-27yBK